• 首页
  • 本馆介绍
  • 公告通知
  • 最新文献
  • 馆藏检索
  • 电子资源
  • 读者导购
  • 参考咨询
  • 我的图书馆
  • 登录
  • 详细信息显示
  • 放入我的书架
  • 预约/预借图书
  • 作者相关作品
  • 分类相关作品
  • 丛书相关作品
  • 出版社相关作品

书目信息

  • 表格格式
  • 工作单格式
  • 卡片格式
题名:
数字逻辑电路基础
    
 
作者: 李广明 编著
分册:  
出版信息: 北京   人民邮电出版社  2017.08
页数: 248页
开本: 26cm
丛书名:
单 册:
中图分类: TN79
科图分类:
主题词: 数字电路--逻辑电路--高等学校--教材
电子资源:
ISBN: 978-7-115-45787-5
000 00833nam0 2200229 450
001 4855
005 20181013140322.51
010    @a978-7-115-45787-5@dCNY49.80
100    @a20180217d2017 em y0chiy50 ea
101 0  @achi
102    @aCN@b110000
105    @ay z 000yy
200 1  @a数字逻辑电路基础@9shu zi luo ji dian lu ji chu@e慕课版@f李广明[等]编著
210    @a北京@c人民邮电出版社@d2017.08
215    @a248页@d26cm
300    @a普通高等学校 点类规划教材
330    @a本书共分8章,主要内容有:数字逻辑基础,门电路和集成逻辑门,组合逻辑电路,触发器,时序逻辑电路,脉冲信号的产生与波形变换,存储器和可编程逻辑器件以及数/模与模/数转换器。
606 0  @a数字电路@x逻辑电路@x高等学校@j教材
690    @aTN79@v5
701  0 @a李广明@9li guang ming@c(电路)@4编著
801  0 @aCN@b91MARC@c20180217
905    @aMuseLib@dTN79@e104
    
    数字逻辑电路基础:慕课版/李广明[等]编著.-北京:人民邮电出版社,2017.08
    248页;26cm
    普通高等学校 点类规划教材
    
    ISBN 978-7-115-45787-5:CNY49.80
    本书共分8章,主要内容有:数字逻辑基础,门电路和集成逻辑门,组合逻辑电路,触发器,时序逻辑电路,脉冲信号的产生与波形变换,存储器和可编程逻辑器件以及数/模与模/数转换器。
●
相关链接 在E读中查询图书 在五车中查询图书 在当当中查询图书 在豆瓣中查询图书


正题名:数字逻辑电路基础     索取号:TN79/104         预约/预借

序号 登录号 条形码 馆藏地/架位号 状态 备注
1 1126927   211269278   第二样本阅览室/ [索取号:TN79/104] 在馆    
2 1126928   211269287   第三借阅区/ [索取号:TN79/104] 在馆    
3 1126929   211269296   第三借阅区/ [索取号:TN79/104] 在馆    
4 1126930   211269303   第三借阅区/ [索取号:TN79/104] 在馆    
5 1126931   211269312   第三借阅区/ [索取号:TN79/104] 在馆    
唐山师范学院图书馆 欢迎您!
大连网信软件有限公司© 版权所有